000
00354pab a2200157 454500
008
180718b2013 xxu||||| |||| 00| 0 eng d
100
_a
Gowda, Huchhe
245
_a
An appraisal of rural education
260
_c
2013
300
_a
p.28-33.
362
_a
Sep
650
_a
Rural education
773
_a
Kurukshetra
908
_a
N
909
_a
101661
999
_c
101659
_d
101659